[Event "VI Weekend A"]
[Site "Ivrea ITA"]
[Date "2000.03.11"]
[Round "1"]
[White "Alexiadis, Alessio"]
[Black "Ferretti, Carlo"]
[Result "1-0"]
[WhiteElo "1798"]
[BlackElo "1840"]
[PlyCount "39"]
[EventDate "2000.03.11"]

1. e4 e5 2. Nf3 Nf6 3. d4 Nxe4 4. Nc3 Nxc3 5. bxc3 exd4 6. cxd4 Bb4+ 7. Bd2
Bxd2+ 8. Qxd2 O-O 9. Bd3 Re8+ 10. Kf1 d5 11. h4 Nc6 12. Ng5 h6 13. Qd1 Qf6 14.
Qh5 Bf5 15. Rd1 Nb4 16. a3 Bxd3+ 17. cxd3 Nc2 18. Rc1 Nxd4 19. Rxc7 Ne6 20.
Rxf7 1-0

[Event "VI Weekend A"]
[Site "Ivrea ITA"]
[Date "2000.03.11"]
[Round "1"]
[White "Giacomasso, Enrico"]
[Black "Guglielmi, Nicolo'"]
[Result "1-0"]
[WhiteElo "1830"]
[BlackElo "1743"]
[PlyCount "67"]
[EventDate "2000.03.11"]

1. e4 c5 2. Nf3 e6 3. d4 cxd4 4. Nxd4 Nf6 5. Bd3 Nc6 6. Nxc6 dxc6 7. O-O e5 8.
h3 Be7 9. Nc3 O-O 10. Be3 Qc7 11. Qe2 Re8 12. a4 a6 13. a5 Nd7 14. Bc4 Nc5 15.
f4 Be6 16. f5 Bc8 17. Bxf7+ Kxf7 18. Qc4+ Kf8 19. f6 Bd6 20. Bxc5 Be6 21. Qb4
Rad8 22. Rad1 Bxc5+ 23. Qxc5+ Kg8 24. fxg7 Qxg7 25. Rxd8 Rxd8 26. Qe3 Kh8 27.
Kh2 Rd4 28. Ne2 Ra4 29. Ng3 Rxa5 30. Qb6 Rb5 31. Qd8+ Bg8 32. Nh5 Qg6 33. Rf8
Qe6 34. Rxg8+ 1-0

[Event "VI Weekend A"]
[Site "Ivrea ITA"]
[Date "2000.03.11"]
[Round "1"]
[White "Paonessa, Denis"]
[Black "Tortora, Franco"]
[Result "0-1"]
[WhiteElo "1702"]
[BlackElo "1801"]
[PlyCount "108"]
[EventDate "2000.03.11"]

1. d4 Nf6 2. Bg5 Ne4 3. h4 c5 4. e3 Qa5+ 5. c3 cxd4 6. Qxd4 Nxg5 7. hxg5 Qxg5
8. Nf3 Qa5 9. Bc4 Nc6 10. Qf4 f6 11. Nbd2 d5 12. Bb3 e5 13. Qg3 Be6 14. Rxh7
Rxh7 15. Qg6+ Bf7 16. Qxh7 Qc7 17. Qf5 a6 18. O-O-O b5 19. Kb1 Na5 20. e4 Nxb3
21. Nxb3 Rd8 22. exd5 Rxd5 23. Rxd5 Bxd5 24. Nbd2 a5 25. Qd3 Qc6 26. Qe2 Be7
27. Nh4 a4 28. a3 Bf7 29. Qd3 Qd7 30. Qc2 Qd5 31. f3 Bc5 32. Nf5 Kf8 33. Ne4
Qa2+ 34. Kc1 Be7 35. Qd3 Bc4 36. Qc2 Qa1+ 37. Qb1 Qxb1+ 38. Kxb1 Bf1 39. Ne3
Be2 40. Kc1 Bd3 41. Kd2 Bb1 42. c4 bxc4 43. Nxc4 Bd8 44. Kc3 Ba2 45. Ned2 Ke7
46. Kb4 Ke6 47. Kxa4 Kd5 48. Kb5 f5 49. a4 e4 50. Ne3+ Ke5 51. fxe4 fxe4 52. a5
Be6 53. a6 Bc8 54. a7 Bb7 0-1

[Event "VI Weekend A"]
[Site "Ivrea ITA"]
[Date "2000.03.11"]
[Round "1"]
[White "Ranieri, Fabrizio"]
[Black "D'Ingiullo, Roberto"]
[Result "1-0"]
[WhiteElo "2170"]
[BlackElo "1813"]
[PlyCount "47"]
[EventDate "2000.03.11"]

1. e4 c5 2. Nf3 e6 3. d4 cxd4 4. Nxd4 Nc6 5. Nc3 Nf6 6. Be3 Bb4 7. Bd3 Ne5 8.
O-O O-O 9. Bg5 Be7 10. Kh1 Nfg4 11. Bxe7 Qxe7 12. h3 Qh4 13. Qe2 a6 14. f4 Nxd3
15. cxd3 Nf6 16. Qf2 Qxf2 17. Rxf2 b5 18. e5 Ne8 19. Ne4 f5 20. Nc5 d6 21.
Ncxe6 Rf7 22. Ng5 Re7 23. Re1 Bb7 24. Nxf5 1-0

[Event "VI Weekend A"]
[Site "Ivrea ITA"]
[Date "2000.03.11"]
[Round "1"]
[White "Tala, Massimiliano"]
[Black "Coqueraut, Jean Dominique"]
[Result "1/2-1/2"]
[WhiteElo "1767"]
[BlackElo "1750"]
[PlyCount "61"]
[EventDate "2000.03.11"]

1. e4 d6 2. d4 Nf6 3. Nc3 g6 4. g3 Bg7 5. Bg2 O-O 6. Nge2 e5 7. O-O exd4 8.
Nxd4 Re8 9. Bg5 h6 10. Bxf6 Bxf6 11. Nd5 Bg7 12. c3 Nd7 13. Nb5 c6 14. Nxd6
cxd5 15. Nxe8 Qxe8 16. exd5 Nb6 17. Re1 Qd7 18. Qb3 Bf8 19. a4 Qd6 20. Rac1 Nd7
21. Qd1 Nf6 22. c4 b6 23. Qd2 Bd7 24. b3 Rc8 25. h3 a5 26. Re2 Qc5 27. Rce1 Kg7
28. Kh1 Qc7 29. Rd1 Bb4 30. Qd4 Bc5 31. Qd2 1/2-1/2

[Event "VI Weekend A"]
[Site "Ivrea ITA"]
[Date "2000.03.12"]
[Round "2"]
[White "D'Ingiullo, Roberto"]
[Black "Paonessa, Denis"]
[Result "1-0"]
[WhiteElo "1813"]
[BlackElo "1702"]
[PlyCount "59"]
[EventDate "2000.03.11"]

1. e4 Nf6 2. e5 Nd5 3. c4 Nb6 4. c5 Nd5 5. Nc3 Nxc3 6. dxc3 d6 7. cxd6 exd6 8.
Bc4 Be7 9. Nf3 Nc6 10. Bf4 Bg4 11. exd6 cxd6 12. O-O O-O 13. Re1 Qd7 14. Bd5
Rfe8 15. Qb3 Qf5 16. Bg3 Na5 17. Qd1 Rac8 18. Be4 Qd7 19. Qd3 h6 20. h3 Be6 21.
Nd4 Bc4 22. Qf3 d5 23. Bf5 Qd8 24. Bxc8 Qxc8 25. Nf5 Nc6 26. Qg4 Bf6 27. Nxh6+
Kh7 28. Qxc8 Rxc8 29. Nxf7 Kg8 30. Nd6 1-0

[Event "VI Weekend A"]
[Site "Ivrea ITA"]
[Date "2000.03.12"]
[Round "2"]
[White "Giacomasso, Enrico"]
[Black "Ranieri, Fabrizio"]
[Result "1/2-1/2"]
[WhiteElo "1830"]
[BlackElo "2170"]
[PlyCount "43"]
[EventDate "2000.03.11"]

1. e4 e6 2. d4 d5 3. exd5 exd5 4. Bd3 Bd6 5. Nf3 Ne7 6. O-O Bg4 7. c3 Nbc6 8.
Re1 Qd7 9. Bg5 f6 10. Bh4 O-O-O 11. Nbd2 g5 12. Bg3 Bxg3 13. hxg3 h5 14. Qa4 h4
15. Nb3 Bxf3 16. Nc5 Qg4 17. gxf3 Qxf3 18. Qb5 Rd6 19. Qxb7+ Kd8 20. Qa8+ Nc8
21. Nb7+ Kd7 22. Nc5+ 1/2-1/2

[Event "VI Weekend A"]
[Site "Ivrea ITA"]
[Date "2000.03.12"]
[Round "3"]
[White "Degrassi, Sergio"]
[Black "Paonessa, Denis"]
[Result "0-1"]
[WhiteElo "1621"]
[BlackElo "1702"]
[PlyCount "50"]
[EventDate "2000.03.11"]

1. d4 d5 2. Nf3 c5 3. Bg5 cxd4 4. Nxd4 Nd7 5. e3 Ngf6 6. Nd2 e5 7. N4f3 Be7 8.
Be2 O-O 9. O-O Ng4 10. Bxe7 Qxe7 11. h3 Nh6 12. c4 e4 13. Nd4 Qg5 14. cxd5 Qxd5
15. Bc4 Qe5 16. Qe2 Nf6 17. f4 exf3 18. N2xf3 Qh5 19. Nh2 Qg5 20. Ndf3 Qa5 21.
Rf2 Ne4 22. Raf1 Nxf2 23. Rxf2 Bf5 24. Ng5 Bg6 25. Ng4 Qxg5 0-1

[Event "VI Weekend A"]
[Site "Ivrea ITA"]
[Date "2000.03.12"]
[Round "3"]
[White "Ranieri, Fabrizio"]
[Black "Alexiadis, Alessio"]
[Result "1-0"]
[WhiteElo "2170"]
[BlackElo "1798"]
[PlyCount "65"]
[EventDate "2000.03.11"]

1. e4 e6 2. d4 d5 3. Nc3 Bb4 4. e5 c5 5. a3 Bxc3+ 6. bxc3 Ne7 7. Qg4 Qa5 8. Bd2
g6 9. Nf3 Bd7 10. Qf4 Nbc6 11. Bd3 c4 12. Be2 O-O-O 13. O-O h5 14. Rfb1 Nf5 15.
Ng5 Rdf8 16. a4 Nce7 17. Rb4 Bc6 18. Bf1 Qc7 19. Bc1 Qd7 20. g3 a5 21. Rb6 Bxa4
22. Ba3 Bxc2 23. Bxe7 Nxe7 24. Rxa5 Nc6 25. Rab5 Ba4 26. Rxb7 Bxb5 27. Rxd7
Kxd7 28. Bh3 Ne7 29. Nxf7 Nf5 30. Nxh8 Rxh8 31. Bxf5 gxf5 32. Qg5 Kc8 33. Qf6
1-0

[Event "VI Weekend A"]
[Site "Ivrea ITA"]
[Date "2000.03.12"]
[Round "3"]
[White "Tala, Massimiliano"]
[Black "Guglielmi, Nicolo'"]
[Result "1-0"]
[WhiteElo "1767"]
[BlackElo "1743"]
[PlyCount "61"]
[EventDate "2000.03.11"]

1. e4 c5 2. Nc3 e6 3. g3 Nc6 4. Bg2 Nf6 5. f4 d5 6. e5 Ng8 7. Nf3 Nh6 8. O-O
Be7 9. d3 Bd7 10. h3 Rb8 11. a4 O-O 12. g4 Nb4 13. Ne2 Kh8 14. c3 Nc6 15. Ng3
b5 16. axb5 Rxb5 17. c4 Rb4 18. cxd5 exd5 19. f5 Qb6 20. Bxh6 gxh6 21. f6 Bd8
22. Qd2 Rg8 23. Qxh6 Bxg4 24. hxg4 Rbxg4 25. e6 Rxg3 26. exf7 Rxg2+ 27. Kh1
Qxb2 28. fxg8=R+ Rxg8 29. Ng5 Qb7 30. f7 Bxg5 31. fxg8=Q+ 1-0

[Event "VI Weekend A"]
[Site "Ivrea ITA"]
[Date "2000.03.18"]
[Round "4"]
[White "Guglielmi, Nicolo'"]
[Black "Alexiadis, Alessio"]
[Result "1/2-1/2"]
[WhiteElo "1743"]
[BlackElo "1798"]
[PlyCount "81"]
[EventDate "2000.03.11"]

1. c4 Nf6 2. Nc3 g6 3. d4 d6 4. e4 Bg7 5. f3 c5 6. Be3 cxd4 7. Bxd4 Nc6 8. Be3
O-O 9. Qd2 Re8 10. Rc1 Nd7 11. Nge2 Nde5 12. Nd4 Nxd4 13. Bxd4 Nc6 14. Be3 Be6
15. Be2 Rc8 16. O-O Qa5 17. b3 Rb8 18. Rfd1 Red8 19. Nb5 Qxd2 20. Rxd2 a6 21.
Na3 Nb4 22. Nb1 b5 23. a3 bxc4 24. axb4 cxb3 25. Rdd1 Rxb4 26. Bxa6 Ra8 27. Bd3
b2 28. Rc6 Rb3 29. Rb6 Bh6 30. Bd4 Bg7 31. Bf2 Rc8 32. Rxb3 Bxb3 33. Rf1 e6 34.
Be3 d5 35. Kf2 Bc4 36. Ke2 f5 37. Bd2 dxe4 38. Bxc4 Rxc4 39. fxe4 Rxe4+ 40. Kd3
e5 41. Bc3 1/2-1/2

[Event "VI Weekend A"]
[Site "Ivrea ITA"]
[Date "2000.03.18"]
[Round "4"]
[White "Paonessa, Denis"]
[Black "Giacomasso, Enrico"]
[Result "0-1"]
[WhiteElo "1702"]
[BlackElo "1830"]
[PlyCount "30"]
[EventDate "2000.03.11"]

1. d4 Nf6 2. c4 e6 3. Nf3 b6 4. a3 Bb7 5. Nc3 Be7 6. d5 d6 7. dxe6 fxe6 8. Bg5
O-O 9. e3 e5 10. Bxf6 Bxf6 11. Qc2 Nd7 12. Bd3 h6 13. Ne4 Be7 14. Rd1 a5 15. g4
Rxf3 0-1

[Event "VI Weekend A"]
[Site "Ivrea ITA"]
[Date "2000.03.18"]
[Round "4"]
[White "Tala, Massimiliano"]
[Black "Ferretti, Carlo"]
[Result "1-0"]
[WhiteElo "1767"]
[BlackElo "1840"]
[PlyCount "91"]
[EventDate "2000.03.11"]

1. e4 e5 2. Nf3 Nf6 3. d3 Nc6 4. Be2 Be7 5. Nc3 d5 6. exd5 Nxd5 7. Bd2 O-O 8.
O-O Re8 9. Re1 Nxc3 10. Bxc3 Bb4 11. Qd2 Qd6 12. a3 Bxc3 13. Qxc3 Bg4 14. h3
Bf5 15. Rad1 Nd4 16. Nh4 Bd7 17. Nf3 Bc6 18. Nxd4 exd4 19. Qd2 Re6 20. Bg4 Rg6
21. Qe2 f5 22. Bf3 Re8 23. Qxe8+ Bxe8 24. Rxe8+ Kf7 25. Rde1 Rf6 26. Bxb7 Qd7
27. R8e5 c6 28. Ba6 Qd8 29. Bc4+ Kg6 30. b3 Kh6 31. a4 f4 32. f3 Qb6 33. Be6
Qb4 34. Bc4 Qd2 35. R5e2 Qc3 36. Be6 Kg5 37. Bc8 Kh4 38. Kh2 Qc5 39. Bg4 h5 40.
Re5 Qxe5 41. Rxe5 hxg4 42. fxg4 g5 43. Re7 Rh6 44. Rxa7 Rh8 45. a5 Rh6 46. a6
1-0

[Event "VI Weekend A"]
[Site "Ivrea ITA"]
[Date "2000.03.18"]
[Round "4"]
[White "Tortora, Franco"]
[Black "Ranieri, Fabrizio"]
[Result "0-1"]
[WhiteElo "1801"]
[BlackElo "2170"]
[PlyCount "112"]
[EventDate "2000.03.11"]

1. d4 e6 2. c4 d5 3. Nc3 Nf6 4. cxd5 exd5 5. Bg5 Be7 6. e3 O-O 7. Bd3 c6 8.
Nge2 Nbd7 9. Ng3 Re8 10. Nf5 Nf8 11. Nxe7+ Qxe7 12. Qf3 Ne6 13. Bxf6 Qxf6 14.
Qxf6 gxf6 15. b4 Nxd4 16. O-O Bf5 17. Bxf5 Nxf5 18. b5 Nd6 19. bxc6 bxc6 20.
Na4 Rab8 21. Rab1 Kg7 22. Nc5 Red8 23. Nb3 Rb6 24. Rbd1 Ne4 25. Rc1 Nd6 26.
Rfd1 Re8 27. Rc5 Ne4 28. Ra5 Nc3 29. Rd3 Nb5 30. g3 Re7 31. Ra4 f5 32. Kg2 Kf6
33. Rh4 Kg6 34. h3 Re4 35. Rf4 Rxf4 36. gxf4 Ra6 37. Nc1 Kf6 38. Rd2 Ra3 39.
Rc2 Rc3 40. Rxc3 Nxc3 41. Kf1 c5 42. Ke1 c4 43. f3 Kg6 44. Kd2 Na4 45. Ne2 Kh5
46. Ng3+ Kh4 47. Nxf5+ Kxh3 48. Nh6 Kg2 49. f5 Kxf3 50. Nxf7 Kg4 51. e4 dxe4
52. f6 c3+ 53. Kc2 Kf5 54. Ng5 Kxf6 55. Nxh7+ Kf5 56. Nf8 e3 0-1

[Event "VI Weekend A"]
[Site "Ivrea ITA"]
[Date "2000.03.19"]
[Round "5"]
[White "Guglielmi, Nicolo'"]
[Black "Degrassi, Sergio"]
[Result "1-0"]
[WhiteElo "1743"]
[BlackElo "1621"]
[PlyCount "50"]
[EventDate "2000.03.11"]

1. d4 d5 2. Nf3 e6 3. Bg5 f6 4. Bh4 Bd6 5. e3 Ne7 6. Bd3 Nd7 7. c3 c6 8. Qc2 f5
9. Nbd2 O-O 10. Bg3 Nf6 11. Ne5 c5 12. h4 Ne4 13. Bf4 Nc6 14. Ndf3 a5 15. Nxc6
bxc6 16. Ne5 Qc7 17. f3 cxd4 18. exd4 Nf6 19. g4 fxg4 20. fxg4 Ba6 21. c4 Bxc4
22. Bxc4 dxc4 23. Qxc4 Nd5 24. Bh2 Rae8 25. Qxc6 Bxe5 1-0

[Event "VI Weekend A"]
[Site "Ivrea ITA"]
[Date "2000.03.19"]
[Round "5"]
[White "Paonessa, Denis"]
[Black "Coqueraut, Jean Dominique"]
[Result "1-0"]
[WhiteElo "1702"]
[BlackElo "1750"]
[PlyCount "99"]
[EventDate "2000.03.11"]

1. d4 d5 2. c4 e6 3. Nc3 Nf6 4. Bg5 Nbd7 5. e3 c6 6. Nf3 Be7 7. Rc1 h6 8. Bh4
Ne4 9. Bxe7 Qxe7 10. Bd3 Nxc3 11. bxc3 O-O 12. O-O b6 13. cxd5 cxd5 14. c4 dxc4
15. Bxc4 Nf6 16. Qe2 Bb7 17. Bd3 Rac8 18. Ba6 Rc7 19. Bxb7 Rxc1 20. Rxc1 Qxb7
21. Qc4 Qd5 22. Ne5 Qxc4 23. Rxc4 Nd5 24. e4 Nf6 25. f3 a6 26. Kf2 b5 27. Rc7
g5 28. Ke3 Ne8 29. Ra7 f6 30. Nd3 Nd6 31. Nc5 Nc4+ 32. Kd3 e5 33. d5 Rc8 34.
Nxa6 Nb2+ 35. Kd2 Nc4+ 36. Ke2 Nd6 37. Rc7 Rd8 38. Rc6 f5 39. Nc5 f4 40. Kd3 h5
41. Kc2 g4 42. Kb3 gxf3 43. gxf3 Nc4 44. Kc3 Ne3 45. Rh6 Rc8 46. Kb4 Nc2+ 47.
Kxb5 Nd4+ 48. Kb6 Kg7 49. Rxh5 Rc6+ 50. dxc6 1-0

[Event "VI Weekend A"]
[Site "Ivrea ITA"]
[Date "2000.03.19"]
[Round "5"]
[White "Ranieri, Fabrizio"]
[Black "Tala, Massimiliano"]
[Result "1-0"]
[WhiteElo "2170"]
[BlackElo "1767"]
[PlyCount "51"]
[EventDate "2000.03.11"]

1. e4 Nf6 2. e5 Nd5 3. d4 d6 4. Nf3 Bg4 5. Be2 g6 6. O-O Bg7 7. exd6 cxd6 8. h3
Bd7 9. c4 Nf6 10. Nc3 O-O 11. Bf4 Qc8 12. Qd2 a6 13. Bh6 Bf5 14. Bxg7 Kxg7 15.
Bd3 Nc6 16. Bxf5 Qxf5 17. d5 Nb8 18. Rfe1 Re8 19. Re2 Qh5 20. Rae1 Kf8 21. Ne4
Nxe4 22. Rxe4 g5 23. Nxg5 f6 24. Ne6+ Kf7 25. Nc7 Nd7 26. Nxa8 1-0

[Event "VI Weekend A"]
[Site "Ivrea ITA"]
[Date "2000.03.19"]
[Round "6"]
[White "Guglielmi, Nicolo'"]
[Black "Paonessa, Denis"]
[Result "1-0"]
[WhiteElo "1743"]
[BlackElo "1702"]
[PlyCount "47"]
[EventDate "2000.03.11"]

1. c4 e6 2. g3 d5 3. Bg2 Nf6 4. Nc3 Be7 5. d3 O-O 6. Qb3 b6 7. cxd5 Bb7 8. Bg5
Re8 9. Nh3 Nxd5 10. Bxe7 Qxe7 11. Nf4 c6 12. Nfxd5 exd5 13. O-O Nd7 14. d4 Nf6
15. Rfe1 Rad8 16. Qa4 Ba8 17. e3 Ne4 18. Nxe4 dxe4 19. Rac1 c5 20. dxc5 bxc5
21. Re2 Bd5 22. b3 Rb8 23. Rec2 Rec8 24. Qa3 1-0